Propuesta de ordenamiento territorial para el municipio de posoltega
Presenta una propuesta de ordenamiento territorial con el fin de reasentar y consolidar a la población del municipio de Posoltega, estableciendo a la vez medidas preventivas y mitigadoras ante potenciales y recurrentes desastres. Enfoca núcleos humanizados asentados en zonas vulnerables a riesgos...
| Main Author: | |
|---|---|
| Other Authors: | |
| Format: | Tesis Section = Libro |
| Language: | Undetermined Spanish |
| Published: |
Managua
UNI
2000
|
| Subjects: |
| LEADER | 01166nam a2200229Ia 4500 | ||
|---|---|---|---|
| 008 | 240830s9999 xx 000 0 und d | ||
| 040 | |a BIBLIOTECA-RUSB/ Mon 711.4 B882 | ||
| 041 | |a spa | ||
| 082 | |a Mon 711.4 B882 | ||
| 100 | 1 | |a Browne Traña, Jeffrey M. | |
| 245 | 1 | 0 | |a Propuesta de ordenamiento territorial para el municipio de posoltega |
| 260 | |a Managua |b UNI |c 2000 | ||
| 300 | |a 225 p. :il. | ||
| 502 | |a Tesis (Arquitecto) - UNI, 2000. | ||
| 520 | 3 | |a Presenta una propuesta de ordenamiento territorial con el fin de reasentar y consolidar a la población del municipio de Posoltega, estableciendo a la vez medidas preventivas y mitigadoras ante potenciales y recurrentes desastres. Enfoca núcleos humanizados asentados en zonas vulnerables a riesgos con el fin de crear propuestas de reasentamiento en zonas geográficamente aptas para un crecimiento y desarrollo poblacional. Propone medidas preventivas y mitigadoras de potenciales. | |
| 650 | 7 | |a CIUDADES PLANES Y PLANIFICACION LOCALES | |
| 650 | 7 | |b URBANISMO | |
| 650 | 7 | |c DESARROLLO URBANO - POSOLTECA | |
| 700 | 1 | |a Tutor: |b Brown Barquero, Nelson | |
| 942 | |c BK |2 ddc | ||
| 991 | |a TESIS | ||
| 999 | |c 20882 | ||